Trouve le réalisateur ou la réalisatrice - Statistiques

Statistiques générales
  • Ce quiz a été pris 53 fois
  • Le résultat moyen est 6 sur 36
Statistiques - réponses
Par images Réponse % Correct
Agnès Varda
98%
Sergio Leone
49%
John Ford
46%
Brian De Palma
44%
Fritz Lang
44%
Billy Wilder
32%
Yasujirō Ozu
32%
Alice Diop
27%
David Lean
24%
Apichatpong Weerasethakul
22%
Hirokazu Kore-eda
22%
Satyajit Ray
20%
Jean-Baptiste Thoret
17%
Michel Ocelot
17%
Sam Peckinpah
17%
Alain Cavalier
12%
Kelly Reichardt
12%
Luc Moullet
12%
Nuri Bilge Ceylan
12%
Sergueï Paradjanov
12%
Hal Ashby
10%
Ida Lupino
10%
Peter Bogdanovich
10%
Abel Gance
7%
Budd Boetticher
7%
Bill Plympton
5%
Ninja Thyberg
5%
Patrick Bokanowski
5%
Barbara Loden
2%
Larisa Shepitko
2%
Léa Mysius
2%
Ti West
2%
William Castle
2%
Ashutosh Gowariker
0%
Godfrey Reggio
0%
Lois Weber
0%
Aucun quiz correspondant
Distribution des résultats
% des personnes avec chaque résultat
Percentile par nombre de réponses
Votre historique - résultats
Vous n’avez pas pris ce quiz